00344pab a2200133 454500008004000000100002200040245004600062260000900108300001300117362001200130650002400142650001600166773002800182180718b2002 xxu||||| |||| 00| 0 eng d aChakraborty, S.K. aAhimsa (Non-violence) in the Indian ethos c2002 ap.17-25. aJan-Jun aNonviolence - India aNonviolence aJournal of Human Values